| 000 | 01097cam a2200301Ii 4500 | ||
|---|---|---|---|
| 003 | OSt | ||
| 005 | 20250306124203.0 | ||
| 008 | |||
| 020 | _a9780323555128 (hardcover) | ||
| 040 |
_aNUST _cNUST _beng _dNUST _erda |
||
| 050 | 4 | _aRC961 HUN | |
| 100 |
_aRyan, Edward T _eAuthor |
||
| 245 | 0 | 0 |
_aHunter's tropical medicine and emerging infectious diseases / _cEdward T Ryan, David R Hill, Tom Solomon, Naomi E Aronson and Timothy P Endy. |
| 250 | _aTenth edition. | ||
| 260 |
_aNew York : _bElsevier, _c2020. |
||
| 300 |
_axxvi, 1236 pages : _bIllustrations ; _c28 cm. |
||
| 336 |
_atext _btxt _2rdacontent |
||
| 337 |
_aunmediated _bn _2rdamedia |
||
| 338 |
_avolume _bnc _2rdacarrier |
||
| 504 | _aIncludes bibliographical references and index. | ||
| 650 | 0 | _vEmerging infectious diseases | |
| 650 | 0 | _vTropical Medicine. | |
| 700 | 1 |
_aHill, David R _eAuthor |
|
| 700 | 1 |
_aSolomon, Tom _eAuthor |
|
| 700 | 1 |
_aAronson, Naomi E _eAuthor |
|
| 700 | 1 |
_aEndy, Timothy P _eAuthor |
|
| 942 |
_cBOOKS _2lcc _eTenth edition. _hRC961 HUN _kRC _mHUN _n0 |
||
| 999 |
_c121854 _d121854 |
||